|
|
|
|
| LEADER |
00000nas a2200000 a 4500 |
| 001 |
ssj0017242 |
| 003 |
WaSeSS |
| 005 |
20200512172242.0 |
| 006 |
m d |
| 007 |
cr n |
| 008 |
020128d20022014nyumr p s 0 a0eng c |
| 010 |
|
|
|a 2002212239
|
| 022 |
|
|
|l 1538-7348
|y 1538-7348
|
| 032 |
|
|
|a 360730
|b USPS
|
| 035 |
|
|
|a (WaSeSS)ssj0017242
|
| 037 |
|
|
|a Lebhar Friedman, Inc., 425 Park Avenue, New York, N.Y. 10022
|c $119.00 (U.S.)
|c $139.00 (Canada and Mexico)
|c $279.00 (in all other countries) (air mail only)
|
| 040 |
|
|
|a SFR
|b eng
|c SFR
|d NSD
|d CUS
|d NSD
|d OCLCQ
|d DLC
|d OCLCF
|d NYP
|d DLC
|d AU@
|d WaSeSS
|
| 042 |
|
|
|a nsdp
|a pcc
|
| 043 |
|
|
|a n-us---
|
| 050 |
1 |
4 |
|a HD9715.8.U64
|b H645
|
| 082 |
1 |
0 |
|a 338
|2 13
|
| 210 |
0 |
|
|a Home channel news
|
| 222 |
|
0 |
|a Home channel news
|
| 245 |
0 |
0 |
|a Home channel news
|h [electronic resource].
|
| 246 |
1 |
|
|i Also called:
|a HCN
|f <Nov. 2012->
|
| 260 |
|
|
|a New York, N.Y. :
|b Lebhar-Friedman,
|c c2002-
|
| 310 |
|
|
|a Monthly,
|b <Nov. 2012->
|
| 321 |
|
|
|a Twenty-two issues a year
|
| 362 |
0 |
|
|a Vol. 28, no. 1 (Jan. 7, 2002)-
|
| 362 |
1 |
|
|a Ceased with: Vol. 40, no. 9 (Nov./Dec. 2014).
|
| 500 |
|
|
|a Title from caption.
|
| 506 |
|
|
|a License restrictions may limit access.
|
| 588 |
|
|
|a Latest issue consulted: Vol. 40, no. 9 (Nov./Dec. 2014).
|
| 650 |
|
0 |
|a Building materials industry
|z United States
|v Periodicals.
|
| 650 |
|
0 |
|a Do-it-yourself products industry
|z United States
|v Periodicals.
|
| 650 |
|
7 |
|a Building materials industry.
|2 fast
|0 (OCoLC)fst00840771
|
| 650 |
|
7 |
|a Do-it-yourself products industry.
|2 fast
|0 (OCoLC)fst00895994
|
| 651 |
|
7 |
|a United States.
|2 fast
|0 (OCoLC)fst01204155
|
| 655 |
|
0 |
|a Electronic journals.
|
| 780 |
0 |
0 |
|t National home center news
|x 0192-6772
|w (DLC)sn 79006811
|w (OCoLC)5066627
|
| 785 |
0 |
0 |
|t Hardware + building supply dealer
|x 2470-3826
|w (DLC) 2016201049
|w (OCoLC)913820858
|
| 856 |
4 |
0 |
|z Full text available from Research Library: 2002 to 2014
|u https://search.proquest.com/publication/27508
|